Library Banner

Mian Muhammad Bakhsh = میاں محمد بخش (احوال و آثار کتابیات اور منتخب کلام) / (Record no. 134209)

MARC details
000 -LEADER
fixed length control field 00567nam a22001457a 4500
005 - DATE AND TIME OF LATEST TRANSACTION
control field 20240529094526.0
008 - FIXED-LENGTH DATA ELEMENTS--GENERAL INFORMATION
fixed length control field 240529b ||||| |||| 00| 0 eng d
040 ## - CATALOGING SOURCE
Transcribing agency PK-LaUMT
082 ## - DEWEY DECIMAL CLASSIFICATION NUMBER
Classification number APC 297.4092
Item number AZI-M
100 ## - MAIN ENTRY--PERSONAL NAME
Personal name Aziz Ahmad Chaudhary = عزیز احمد چودھری
245 ## - TITLE STATEMENT
Title Mian Muhammad Bakhsh = میاں محمد بخش (احوال و آثار کتابیات اور منتخب کلام) /
Statement of responsibility, etc by Aziz Ahmad Chaudhary = عزیز احمد چودھری
260 ## - PUBLICATION, DISTRIBUTION, ETC. (IMPRINT)
Place of publication, distribution, etc Islamabad :
Name of publisher, distributor, etc Punjab Research Foundation,
Date of publication, distribution, etc 1986
300 ## - PHYSICAL DESCRIPTION
Extent 218 p.
942 ## - ADDED ENTRY ELEMENTS (KOHA)
Koha item type Books
Holdings
Withdrawn status Lost status Damaged status Home library Current library Date acquired Full call number Barcode Date last seen Price effective from Koha item type
      UMT Main Campus UMT Main Campus 2024-05-29 APC 297.4092 AZI-M 146761 2024-05-29 2024-05-29 Books